000 00436nam a2200157Ia 4500
005 20250227165022.0
008 231217s9999 xx 000 0 und d
020 _a9788131414040
082 _a651.7 JAG;1 R
100 _aJagadeesan, G. Krishnan, Santana R.
245 0 _aSoft skills development : training and evaluation
260 _c2008
_bICFAI Press
_aHyderabad
300 _axiii+221
650 _aSoft skills
942 _cAA
999 _c183673
_d183673